00568nam a2200169Ia 450000500170000000800460001703700290006304000210009204100130011308400250012624500400015126000480019130000090023994200230024899900210027195201060029220250508161110.0008 250505s9999 xx 000 0 eng d aBooks to be hide in OPAC aFEDL bengcFEDL aeng2eng a370.954, IND/OqFEDL 0aEducation in India 1961-62. Vol 2-A aDelhi, IndiabManager of Publicationsc1966 a78p. cHBh370.954, IND/O c1368427d1368427 00104070aFEDLbFEDLd2025-05-08l0o370.954, IND/OpEL0055640r2025-05-08 16:11:10w2025-05-08yHB